|
|
|
|
| LEADER |
02334nam a2200529 i 4500 |
| 001 |
EBC1787141 |
| 003 |
MiAaPQ |
| 005 |
20200903223051.0 |
| 006 |
m o d | |
| 007 |
cr cnu|||||||| |
| 008 |
150212t20142014gw ob 001 0 ger d |
| 020 |
|
|
|z 9783110373660
|
| 020 |
|
|
|a 9783110368048
|q (electronic bk.)
|
| 020 |
|
|
|a 9783110398656
|q (electronic bk.)
|
| 035 |
|
|
|a (MiAaPQ)EBC1787141
|
| 035 |
|
|
|a (Au-PeEL)EBL1787141
|
| 035 |
|
|
|a (CaPaEBR)ebr11015813
|
| 035 |
|
|
|a (CaONFJC)MIL807616
|
| 035 |
|
|
|a (OCoLC)903955933
|
| 040 |
|
|
|a MiAaPQ
|b eng
|e rda
|e pn
|c MiAaPQ
|d MiAaPQ
|
| 043 |
|
|
|a e-gx---
|
| 050 |
|
4 |
|a QA155.2
|b .S34 2014
|
| 082 |
0 |
|
|a 512.092/2
|2 23
|
| 100 |
1 |
|
|a Scheel, Katrin,
|e author.
|
| 245 |
1 |
4 |
|a Der Briefwechsel Richard Dedekind - Heinrich Weber /
|c Katrin Scheel ; herausgegeben von Thomas Sonar, unter Mitarbeit von Karin Reich.
|
| 264 |
|
1 |
|a Berlin, Germany :
|b De Gruyter Akademie Forschung,
|c 2014.
|
| 264 |
|
4 |
|c 2014
|
| 300 |
|
|
|a 1 online resource (512 pages).
|
| 336 |
|
|
|a text
|2 rdacontent
|
| 337 |
|
|
|a computer
|2 rdamedia
|
| 338 |
|
|
|a online resource
|2 rdacarrier
|
| 490 |
1 |
|
|a Abhandlungen der Akademie der Wissenschaften in Hamburg,
|x 2193-1933 ;
|v Band 5
|
| 504 |
|
|
|a Includes bibliographical references and index.
|
| 588 |
|
|
|a Description based on print version record.
|
| 590 |
|
|
|a Electronic reproduction. Ann Arbor, MI : ProQuest, 2016. Available via World Wide Web. Access may be limited to ProQuest affiliated libraries.
|
| 600 |
1 |
0 |
|a Dedekind, Richard,
|d 1831-1916
|v Correspondence.
|
| 600 |
1 |
0 |
|a Weber, Heinrich,
|d 1842-1913
|v Correspondence.
|
| 650 |
|
0 |
|a Algebra
|x History.
|
| 650 |
|
0 |
|a Numbers, Real
|x History.
|
| 650 |
|
0 |
|a Mathematicians
|z Germany
|v Correspondence.
|
| 655 |
|
4 |
|a Electronic books.
|
| 700 |
1 |
|
|a Sonar, Th.
|q (Thomas),
|e editor.
|
| 700 |
1 |
|
|a Reich, Karin,
|e editor.
|
| 776 |
0 |
8 |
|i Print version:
|a Scheel, Katrin.
|t Briefwechsel Richard Dedekind - Heinrich Weber.
|d Berlin, Germany : De Gruyter Akademie Forschung, c2014
|h xx, 490 pages
|k Abhandlungen der Akademie der Wissenschaften in Hamburg ; Band 5.
|z 9783110373660
|w 2014042064
|
| 797 |
2 |
|
|a ProQuest (Firm)
|
| 830 |
|
0 |
|a Abhandlungen der Akademie der Wissenschaften in Hamburg ;
|v Band 5.
|
| 856 |
4 |
0 |
|u https://ebookcentral.proquest.com/lib/matrademy/detail.action?docID=1787141
|z Click to View
|